00969nam a2200277 a 450000100060000000300080000600500170001400800410003102000150007203500190008704000370010604100080014308200260015110000260017724501990020326000400040230000280044250000200047050400300049065000200052065000300054065000280057065000270059870000210062571000450064667828BD-RjUL20211209081710.0170329s1986 nyu b 001 0 eng c a0898626706 a(BD-RjUL)68037 aDNLM/DLCcDLCdDLCdBD-RjULbeng aeng00223a150.195bWEP 19861 aWeiss, Joseph.d1924-14aThe psychoanalytic process :btheory, clinical observation, and empirical research /cJoseph Weiss, Harold Sampson, and the Mount Zion Psychotherapy Research Group ; foreword by Morris N. Eagle. aNew York :bGuilford Press,cc1986. axxiii, 423 p. ;c24 cm. aIncludes index. aBibliography: p. 405-413. 0aPsychoanalysis. 0aPsychoanalysisxResearch. 2aPsychoanalytic Therapy. 2aPsychoanalytic Theory.1 aSampson, Harold.2 aMount Zion Psychotherapy Research Group.